| 000 | 01813cam a2200325 a 4500 | ||
|---|---|---|---|
| 003 | EG-GiCUC | ||
| 005 | 20250223030827.0 | ||
| 008 | 130423s2013 ua dh f m 000 0 eng d | ||
| 040 |
_aEG-GiCUC _beng _cEG-GiCUC |
||
| 041 | 0 | _aeng | |
| 049 | _aDeposite | ||
| 097 | _aM.Sc | ||
| 099 | _aCai01.13.03.M.Sc.2013.Ba.L | ||
| 100 | 0 | _aBasem Ahmed Hassan | |
| 245 | 1 | 0 |
_aLow-cost digital ultrasound beamformer design using field programmable gate arrays / _cBasem Ahmed Hassan ; Supervised Yasser Mostafa Kadah |
| 246 | 1 | 5 | _aتصميم منخفض التكلفة لمكون الاشعة لجهاز فوق الموجات الصوتية باستخدام البوابات المنطقية القابلة للبرمجة |
| 260 |
_aCairo : _bBasem Ahmed Hassan , _c2013 |
||
| 300 |
_a121P. : _bcharts , facsimiles ; _c30cm |
||
| 502 | _aThesis (M.Sc.) - Cairo University - Faculty of Engineering - Department of Systems and Biomedical Engineering | ||
| 520 | _aOur thesis describes a novel extendable beamforming architecture design in both of the system - level Hardware and Firmware design level . In the Hardware design , we were targeting the compactable application as well as the extendable applications where the power , level of integration and the feasible of the replication are critical . The three main components that have the greatest influence on the hardware design and system performance of the signal - processing board are the Analog to Digital Converters (ADCs) , the Beamformer transmitter and the FPGA | ||
| 530 | _aIssued also as CD | ||
| 653 | 4 | _aBeamformer | |
| 653 | 4 | _aFPGA | |
| 653 | 4 | _aUltrasound | |
| 700 | 0 |
_aYasser Mostafa Kadah , _eSupervisor |
|
| 856 | _uhttp://172.23.153.220/th.pdf | ||
| 905 |
_aFatma _eCataloger |
||
| 905 |
_aNazla _eRevisor |
||
| 942 |
_2ddc _cTH |
||
| 999 |
_c42751 _d42751 |
||